| 000 | 00593cam a22002053a 4500 | ||
|---|---|---|---|
| 001 | 39485 | ||
| 003 | PGUSA | ||
| 005 | 20140828083858.0 | ||
| 008 | 120419s2012||||xxu|||||s|||||000 | eng d | ||
| 040 |
_aPGUSA _beng |
||
| 042 | _adc | ||
| 100 | 1 | _aCrowe, Catherine | |
| 245 | 1 | 0 |
_aGhosts and Family Legends : _bA Volume for Christmas _h[electronic resource] / _cCatherine Crowe |
| 260 |
_bProject Gutenberg, _c2012 |
||
| 506 | _aPublic domain in the USA. | ||
| 516 | _aElectronic text | ||
| 830 | 0 |
_aProject Gutenberg _v39485 |
|
| 856 | 4 | 0 | _uhttp://www.gutenberg.org/ebooks/39485 |
| 942 | _cEB | ||
| 999 |
_c268738 _d268738 |
||